2026 kpop comebacks - Statistics

General Stats
  • This quiz has been taken 59 times
    33 since last reset
  • The average score is 10 of 18
Answer Stats
Hint Answer % Correct
Blackpink GO
93%
Hearts2Hearts RUDE
89%
YENA Catch Catch
81%
BTS SWIM
78%
IVE (pre-release) Bang Bang
74%
Enhypen Knife
74%
Kiikii 404 (New Era)
67%
Yuna (Itzy) ice cream
67%
Cortis Redred
67%
ATEEZ Adrenaline
59%
IVE (revive+) Blackhole
52%
LE SSERAFIM Celebration
52%
TXT Stick with you
44%
Kiss of life Who is she
44%
p1harmony UNIQUE
37%
Kickflip Eye-poppin
19%
Nct Wish Ode to love
19%
CHUU XO, My Cyberlove
11%
No matching quizzes found
Score Distribution
Percent of People with Each Score
Percentile by Number Answered
Your Score History
You have not taken this quiz since the last reset